Tables de multiplication en 45 secondes - Statistiques

Statistiques générales
  • Ce quiz a été pris 1 967 fois
  • Le résultat moyen est 40 sur 55
Statistiques - réponses
Hint # % Correct
1x1 1
100%
2x1 2
100%
3x1 3
99%
4x1 4
99%
2x2 4
99%
5x1 5
99%
6x1 6
99%
2x3 6
99%
7x1 7
99%
8x1 8
99%
2x4 8
99%
9x1 9
99%
3x3 9
99%
10x1 10
98%
2x5 10
98%
2x6 12
96%
3x4 12
96%
2x10 20
96%
4x5 20
96%
2x9 18
95%
3x6 18
95%
2x7 14
94%
2x8 16
94%
4x4 16
94%
3x5 15
87%
3x10 30
87%
5x6 30
87%
3x8 24
83%
4x6 24
83%
3x7 21
82%
4x10 40
76%
5x8 40
76%
3x9 27
75%
4x7 28
68%
4x9 36
64%
6x6 36
64%
5x5 25
63%
5x10 50
63%
4x8 32
62%
5x7 35
58%
5x9 45
56%
6x10 60
42%
6x7 42
41%
7x10 70
36%
9x10 90
36%
8x10 80
34%
6x8 48
33%
10x10 100
32%
7x7 49
28%
7x8 56
27%
6x9 54
26%
9x9 81
24%
8x8 64
21%
8x9 72
19%
7x9 63
18%
Aucun quiz correspondant
Distribution des résultats
% des personnes avec chaque résultat
Percentile par nombre de réponses
Votre historique - résultats
Vous n’avez pas pris ce quiz